| 000 | 00545nam a22001937a 4500 | ||
|---|---|---|---|
| 003 | OSt | ||
| 005 | 20140310182328.0 | ||
| 008 | 130921t xxu||||| |||| 00| 0 eng d | ||
| 020 | _a9781850782261 | ||
| 050 |
_aBS 535 _b.G786e22 1995 |
||
| 082 |
_aGS 220.9 _bG79 1995 |
||
| 245 | _aAfter easter / | ||
| 260 |
_aUK : _bOM Publishing, _cc1995. |
||
| 300 |
_a48 p., : _bcol. ill. ; _c28 cm. |
||
| 440 |
_aThe geat bible discovery _n#22 _pAfter easter. _921320 |
||
| 650 |
_aBible stories _910553 |
||
| 942 |
_2lcc _cBK-GS _eGS |
||
| 999 |
_c11926 _d11926 |
||